000 00513nam a2200157Ia 4500
008 170221s9999 xx 000 0 und d
100 _aJinyong Chang.
245 2 _aA Generic Construction of Homomorphic MAC for Multi-File Transmission in Network Coding
245 _cJinyong Chang and Rui Xue.
260 _bJournal of Communications
260 _c2015
300 _a10 : 1
650 _xCommunication
650 _xMedia Arts
856 _uhttp://www.jocm.us/index.php?m=content&c=index&a=lists&catid=141
999 _c306935
_d306935